000 01027cam a2200253 4500
001 L136915
008 070302n2005 000 0 eng u
020 _a1741071011
035 _a(Sirsi) u136915
041 0 _aeng
100 1 _aLi, Heng
245 0 0 _aVirtual prototyping of innovative construction operations
_h[electronic resource]
260 _aBrisbane
_Queensland University of Technology
_c2005
490 0 _aCOBRA
_v2005
520 _aDiscusses how virtual prototyping technology can help construction planners evaluate and validate their planning by simulating construction products, processes and resources in a virtual environment.
651 4 _aInternational
690 _aBUILT ENVIRONMENT-CONSTRUCTION MANAGEMENT-CONSTRUCTION PLANNING
700 1 _aKong, Stephen
700 1 _aShen, Qiping
700 1 _aMa, Zhiliang
700 1 _aBaldwin, Andrew N.
856 4 0 _uhttps://www.rics.org/site/scripts/download_info.aspx?downloadID=2606
_zView the item free of charge at www.rics.org...
942 _n0
999 _c106547
_d106547